[Event "Women's Speed Chess Q2"]
[Site "chess.com INT"]
[Date "2020.06.19"]
[Round "13"]
[White "Batsiashvili, Nino"]
[Black "Dauletova, Gulmira"]
[Result "0-1"]
[WhiteTitle "GM"]
[BlackTitle "WIM"]
[WhiteElo "2457"]
[BlackElo "2319"]
[WhiteFideId "13602993"]
[BlackFideId "13702971"]
[EventDate "2020.06.19"]

1. d4 Nf6 2. Nf3 d5 3. Bf4 Bf5 4. e3 c6 5. c4 e6 6. Qb3 Qc8 7. Nc3 Be7 8. Rc1
O-O 9. Be2 Nbd7 10. O-O h6 11. cxd5 exd5 12. Nb5 Nh5 13. Nd6 Bxd6 14. Bxd6 Re8
15. Ne5 Nhf6 16. Nxd7 Qxd7 17. Be5 Ne4 18. Rfd1 Re6 19. f3 Nd6 20. Bf1 Rg6 21.
Re1 h5 22. Bd3 Re8 23. e4 dxe4 24. fxe4 Bh3 25. Re2 Bg4 26. Re3 h4 27. Rf1 Be6
28. d5 Bh3 29. Bxd6 Rxg2+ 30. Kh1 Rg6 31. Bf4 Bxf1 32. Bxf1 Qg4 33. Bg3 hxg3 34.
hxg3 Rxe4 35. dxc6 bxc6 36. Bg2 Rxe3 37. Qxe3 Qe6 38. Qd2 Rxg3 39. Kh2 Rg6 40.
a4 Rh6+ 41. Kg1 Qe5 42. Qd8+ Kh7 43. Qd3+ g6 44. b4 Rh5 45. Qf3 Qa1+ 46. Bf1
Qd4+ 47. Kg2 Rg5+ 48. Kh3 Rh5+ 49. Kg2 Qd2+ 50. Kg3 Rg5+ 51. Kh4 Rh5+ 52. Kg3
Qg5+ 53. Kf2 Qh4+ 54. Ke2 Qc4+ 55. Ke3 Qc3+ 56. Kf2 Rf5 57. Qxf5 gxf5 58. b5 Qb4
59. bxc6 Qc5+ 60. Kf3 Qxc6+ 61. Kf4 Qc4+ 62. Kxf5 Qxa4 63. Kf6 Kg8 64. Bc4 Qxc4 0-1

[Event "Women's Speed Chess Q2"]
[Site "chess.com INT"]
[Date "2020.06.19"]
[Round "13"]
[White "Ovezdurdiyeva, Jemal"]
[Black "Shevtchenko, Olesya"]
[Result "1-0"]
[WhiteTitle "WFM"]
[BlackTitle "WFM"]
[WhiteElo "2061"]
[BlackElo "2054"]
[WhiteFideId "14001888"]
[BlackFideId "24131890"]
[EventDate "2020.06.19"]

1. d4 c6 2. c4 d5 3. Nf3 Nf6 4. e3 Bf5 5. Nc3 e6 6. Bd3 Bg6 7. O-O Nbd7 8. cxd5
exd5 9. e4 dxe4 10. Re1 Be7 11. Nxe4 O-O 12. Ng3 Re8 13. Bxg6 hxg6 14. Ne5 Nxe5
15. dxe5 Nd5 16. e6 f6 17. Bd2 g5 18. Nf5 g6 19. Ng3 Kg7 20. Qb3 Qb6 21. Qxb6
axb6 22. a3 b5 23. Ne4 Ra4 24. Nc3 Rd4 25. Nxd5 Rxd5 26. Bc3 g4 27. g3 g5 28.
Rad1 Red8 29. Rxd5 Rxd5 30. Bb4 Kf8 31. Re4 f5 32. Re3 Bxb4 33. axb4 Ke7 34. Kg2
f4 35. gxf4 gxf4 36. Re4 f3+ 37. Kg3 Rd2 38. Rxg4 Rxb2 39. Rg7+ Kxe6 40. Rg4 Rb3
41. h4 Rb1 42. h5 Rg1+ 43. Kxf3 Rxg4 44. Kxg4 Kf6 45. Kf4 b6 46. Ke4 c5 47. f4
Ke6 48. f5+ Kf6 49. h6 Kf7 50. Ke5 Kg8 51. f6 c4 52. Kd4 Kf7 53. h7 Kxf6 54.
h8=Q+ Ke6 55. Qb8 c3 56. Qxb6+ Kf5 57. Qc6 Kf4 58. Qxc3 Kf5 59. Qc5+ Ke6 60.
Qxb5 Kd6 61. Qc5+ Kd7 62. b5 Kd8 63. b6 Ke8 64. b7 Kf7 65. b8=Q Kg6 66. Qbb6+
Kh7 67. Qcc7+ Kg8 68. Qbb8# 1-0

[Event "Women's Speed Chess Q2"]
[Site "chess.com INT"]
[Date "2020.06.19"]
[Round "13"]
[White "Skuhala, Barbara"]
[Black "Tarasova, Viktoriya"]
[Result "1-0"]
[WhiteTitle "WFM"]
[BlackTitle "WIM"]
[WhiteElo "2095"]
[BlackElo "2226"]
[WhiteFideId "14605465"]
[BlackFideId "4175840"]
[EventDate "2020.06.19"]

1. e4 c5 2. Nf3 d6 3. d4 cxd4 4. Nxd4 Nf6 5. f3 e5 6. Nb3 a5 7. c4 Nc6 8. Nc3
Be7 9. Be3 O-O 10. Be2 a4 11. Nc1 Qa5 12. Qd2 Bd8 13. O-O Bb6 14. Kh1 Bxe3 15.
Qxe3 Nd4 16. Bd3 a3 17. Qd2 axb2 18. Qxb2 Be6 19. Nb3 Qb6 20. Rab1 Rfc8 21. Nd5
Bxd5 22. exd5 Nxb3 23. axb3 Qb4 24. Bf5 Re8 25. Ra1 g6 26. Bd3 Nd7 27. Rxa8 Rxa8
28. f4 Nc5 29. Bc2 Qd2 30. fxe5 Nd3 31. Qb1 Nf2+ 32. Kg1 Ng4 33. h3 Qd4+ 34. Kh1
Nf2+ 35. Kh2 Qxe5+ 36. Kg1 Qd4 37. Kh2 Qf4+ 38. Kg1 Qd4 39. Kh2 h5 40. Qe1 Nd3
41. Bxd3 Qxd3 42. Qf2 Rf8 43. Qf3 Qd4 44. h4 Qe5+ 45. Qg3 Qxg3+ 46. Kxg3 Re8 47.
Rf3 Kg7 48. Kf4 f6 49. Re3 Kf7 50. Rxe8 Kxe8 51. g4 b6 52. gxh5 gxh5 53. Kf5 Kf7
54. b4 Ke7 55. Kg6 Kd7 56. Kxh5 Ke7 57. Kg6 f5 58. Kxf5 Kf7 59. h5 Kg7 60. Ke6
Kh6 61. Kxd6 Kxh5 62. Kc6 Kg6 63. Kxb6 Kf6 64. Kc5 Ke7 65. b5 Kd8 66. b6 Kc8 67.
Kc6 Kd8 68. d6 Kc8 69. b7+ Kb8 70. d7 Ka7 71. Kd6 Kb8 72. Ke7 Ka7 73. d8=Q Kxb7
74. Qd7+ Ka6 75. Qb5+ Ka7 76. Kd7 Ka8 77. Kc7 Ka7 78. Qa5# 1-0

[Event "Women's Speed Chess Q2"]
[Site "chess.com INT"]
[Date "2020.06.19"]
[Round "13"]
[White "Sviridova, Vlada"]
[Black "Koridze, Lile"]
[Result "0-1"]
[WhiteTitle "WFM"]
[BlackTitle "WFM"]
[WhiteElo "2144"]
[BlackElo "1996"]
[WhiteFideId "24109606"]
[BlackFideId "13612514"]
[EventDate "2020.06.19"]

1. d4 Nf6 2. c4 e6 3. Nf3 d5 4. Nc3 Be7 5. Bf4 O-O 6. e3 c6 7. h3 Nbd7 8. Qc2 b6
9. Bd3 Bb7 10. cxd5 cxd5 11. O-O Rc8 12. Rfc1 Ne4 13. Qe2 Nxc3 14. bxc3 Nf6 15.
c4 dxc4 16. Bxc4 Nd5 17. Bg3 Ba3 18. Rc2 Bb4 19. Rac1 Nf6 20. Ne5 Ne4 21. Bh2
Qg5 22. f3 Ng3 23. Qf2 Nf5 24. Bf4 Qe7 25. e4 Nxd4 26. Rb2 Bc5 27. Be3 Rfd8 28.
Nd3 Ba3 29. Bxd4 Bxb2 30. Bxb2 a6 31. Qf1 b5 32. Bb3 a5 33. Rxc8 Rxc8 34. Bd1 b4
35. Ba4 Ba6 36. Qb1 Qd6 37. Bc2 h6 38. Kh1 Rxc2 39. Qxc2 Bxd3 40. Qd2 Qa6 41.
Bd4 Qc4 42. Qb2 f6 43. e5 f5 44. Bb6 a4 45. Ba5 b3 46. axb3 axb3 47. Bc3 Kh7 48.
Bd4 Bc2 49. Bg1 Qf1 50. Kh2 h5 51. Bd4 Qe1 52. Bg1 Bd1 53. Bd4 Qf1 54. Bg1 Bc2
55. Bd4 g5 56. Bg1 h4 57. Qc3 Qb5 58. Qc7+ Kg6 59. Qc3 b2 60. Qa3 b1=Q 61. Qe7
Qxe5+ 62. Kh1 Qf6 63. Qe8+ Qf7 64. Qh8 Qg7 65. Qe8+ Qf7 66. Qh8 f4 67. Qc8 Bf5
68. Qc3 Qc2 69. Qd4 Qb7 70. Qh8 Bxh3 71. Qg8+ Qg7 72. Qe8+ Qf7 0-1

[Event "Women's Speed Chess Q2"]
[Site "chess.com INT"]
[Date "2020.06.19"]
[Round "13"]
[White "Putri, Regita Desyari"]
[Black "Fominykh, Maria"]
[Result "0-1"]
[WhiteTitle "WFM"]
[BlackTitle "WGM"]
[WhiteElo "1897"]
[BlackElo "2206"]
[WhiteFideId "7109083"]
[BlackFideId "4142411"]
[EventDate "2020.06.19"]

1. b4 e6 2. a3 Nf6 3. Bb2 d6 4. Nf3 Nbd7 5. g3 Be7 6. Bg2 O-O 7. O-O c5 8. c4
Rb8 9. b5 b6 10. Nc3 Bb7 11. d3 Ne5 12. Nxe5 dxe5 13. Bxb7 Rxb7 14. Ne4 Nd7 15.
a4 a5 16. Bc3 f5 17. Nd2 Bf6 18. Qc2 Qe8 19. Nf3 e4 20. dxe4 fxe4 21. Ne1 Qg6
22. Ng2 Bd4 23. e3 Bxc3 24. Qxc3 Qf5 25. Rad1 Ne5 26. Nh4 Nf3+ 27. Nxf3 exf3 28.
Kh1 Rbf7 29. Qd3 Qh3 30. Rg1 Rf6 31. Qf1 Qg4 32. h3 Rh6 33. Kh2 Rf5 34. Rh1
Rxh3+ 35. Qxh3 Rh5 36. Qxh5 Qxh5+ 37. Kg1 Qg4 38. Rh4 Qf5 39. Rf4 Qg5 40. Rd7 h5
41. Rb7 Qe5 42. Rxf3 Qa1+ 43. Kg2 Qxa4 44. Rxb6 Qxc4 45. Rb8+ Kh7 46. b6 Qd5 47.
b7 Kg6 48. e4 Qxe4 49. Re8 Qxb7 50. Rxe6+ Kh7 51. Re5 Qc6 52. Rxh5+ Kg6 53. Rf5
c4 54. Kh2 c3 55. R5f4 c2 56. Rg4+ Kh7 57. Rh4+ Kg8 58. Re3 c1=Q 59. Rf4 Q1h1# 0-1

[Event "Women's Speed Chess Q2"]
[Site "chess.com INT"]
[Date "2020.06.19"]
[Round "13"]
[White "Khomeriki, Nino"]
[Black "Juhasz, Barbara"]
[Result "1/2-1/2"]
[WhiteTitle "WGM"]
[BlackTitle "WIM"]
[WhiteElo "2319"]
[BlackElo "2223"]
[WhiteFideId "13603191"]
[BlackFideId "743585"]
[EventDate "2020.06.19"]

1. d4 Nf6 2. Nf3 g6 3. c4 Bg7 4. g3 O-O 5. Bg2 d6 6. O-O Nbd7 7. Nc3 e5 8. e4
exd4 9. Nxd4 Re8 10. Re1 a6 11. Be3 Rb8 12. b3 c5 13. Nde2 b5 14. Qxd6 b4 15.
Na4 Nxe4 16. Bxe4 Bxa1 17. Rxa1 Rxe4 18. Nxc5 Re8 19. Rd1 Qe7 20. Nxd7 Bxd7 21.
Nf4 Bg4 22. Qxe7 Rxe7 23. Rd6 Bf3 24. h3 a5 25. g4 a4 26. Kh2 axb3 27. axb3 Ree8
28. Kg3 Ba8 29. c5 Red8 30. Rf6 Bd5 31. c6 Rbc8 32. Bb6 g5 33. Nxd5 Rxd5 34. c7
Rd3+ 35. f3 Kg7 36. Rf5 f6 37. Rb5 Rxb3 38. Ba5 Rc3 39. Rxb4 Rc5 40. Rb8 R8xc7
41. Bxc7 Rxc7 42. h4 Kg6 43. h5+ Kg7 44. Rb6 h6 45. Re6 Rd7 46. Ra6 Rc7 47. Kf2
Kf7 48. Ke3 Rb7 49. Ke4 Rb4+ 50. Kd5 Rb7 51. Rc6 Rd7+ 52. Rd6 Re7 53. Kc6 Re3
54. Rd7+ Ke6 55. Rh7 Rxf3 56. Rxh6 Rh3 57. Rh8 f5 58. Re8+ Kf7 59. Re5 fxg4 60.
Rxg5 g3 61. Kd5 Kf6 62. Rg8 Kf5 63. Kd4 Kf4 64. Kd3 Rxh5 65. Rf8+ Kg4 66. Ke2
Kh3 67. Kf1 Kh2 68. Rg8 Rf5+ 69. Ke2 g2 70. Rh8+ Kg1 71. Rg8 Re5+ 72. Kf3 Rf5+
73. Ke2 Rf7 74. Rg6 Kh2 75. Rh6+ Kg1 76. Rg6 Re7+ 77. Kf3 Rf7+ 78. Ke2 1/2-1/2